Biggest Cities in the United States in 1810 - Statistics

General Stats
  • This quiz has been taken 8 times
  • The average score is 40 of 72
Answer Stats
Population State City % Correct
46,555 MD Baltimore
100%
33,787 MA Boston
100%
17,242 LA New Orleans
100%
96,373 NY New York
100%
53,722 PA Philadelphia
100%
8,208 DC Washington
100%
10,762 NY Albany
86%
24,711 SC Charleston
86%
8,008 NJ Newark
86%
5,772 CT New Haven
86%
9,193 VA Norfolk
86%
10,071 RI Providence
86%
9,735 VA Richmond
86%
12,613 MA Salem
86%
2,767 MA Springfield
86%
2,577 MA Worcester
86%
4,402 NY Brooklyn
71%
2,540 OH Cincinnati
71%
4,948 DC Georgetown
71%
5,943 MA Gloucester
71%
3,955 CT Hartford
71%
4,326 KY Lexington
71%
5,900 MA Marblehead
71%
2,490 TN Nashville
71%
5,651 MA New Bedford
71%
7,907 RI Newport
71%
5,668 VA Petersburg
71%
4,768 PA Pittsburgh
71%
7,169 ME Portland
71%
6,934 NH Portsmouth
71%
5,215 GA Savannah
71%
3,002 NJ Trenton
71%
7,227 VA Alexandria
57%
3,533 CT Greenwich
57%
4,087 MA Lynn
57%
3,38 CT New London
57%
19,874 PA Northern Liberties
57%
5,903 NY Schenectady
57%
13,707 PA Southwark
57%
3,164 MA Andover
43%
4,608 MA Beverly
43%
3,606 CT Danbury
43%
5,405 PA Lancaster
43%
4,400 MA Middleborough
43%
6,807 MA Nantucket
43%
7,634 MA Newburyport
43%
2,976 CT Norwich
43%
4,228 MA Plymouth
43%
3,462 PA Reading
43%
3,907 MA Taunton
43%
2,847 PA York
43%
2,798 CT Berlin
29%
2,698 RI Bristol
29%
4,959 MA Charlestown
29%
2,928 RI Coventry
29%
2,977 NJ Elizabeth
29%
4,451 CT Groton
29%
2,835 NJ Hackensack
29%
2,682 MA Haverhill
29%
4,048 NY Hudson
29%
2,766 NH Londonderry
29%
3,849 NJ Middletown
29%
2,957 RI North Kingstown
29%
2,983 CT Norwalk
29%
3,828 RI Smithfield
29%
3,560 RI South Kingstown
29%
3,445 NJ Evesham
14%
2,748 CT Farmington
14%
4,338 NH Gilmanton
14%
2,665 MA Pittsfield
14%
3,071 NJ South Amboy
14%
3,247 NJ Woodbridge
14%
No matching quizzes found
Score Distribution
Percent of People with Each Score
Percentile by Number Answered
Your Score History
You have not taken this quiz